000 00459nam a2200193Ia 4500
003 OSt
005 20240925151944.0
008 240126s9999 xx 000 0 und d
020 _a9780199297955
040 _c0
041 _aEnglish
082 _a320.01 VIN;1 R
100 _aVincent, Andrew.
245 4 _aThe nature of political theory
260 _bOxford University Press
_aNew York
300 _aix, 354
440 _aNULL
942 _cLL
_2ddc
999 _c291216
_d291216